01544nam a2200373 a 4500001001000000003000500010005001700015008004100032010001100073011001100084040000900095090001000104100003800114245015200152260004100304500006000345502007700405590004000482590004000522590004000562590004000602650002400642650002000666650002100686650004300707650003200750856007000782901000700852942001000859942000600869999001900875952014000894952013601034000112421CHAP20220329144305.0160315s2016 mx a fsm |||||||spa d a108882 a109854 cCHAP aTesis1 aLoaeza Vásquez, Eduardo913069910aValor nutracéutico y actividad antioxidante de los frutos de siete variedades de género Physalis /h[En línea]cpor Eduardo Loaeza Vásquez. aChapingo, Méx. :bEl autor,c2016. aPara ver el contenido del material haga clic en la liga aTesis (Ing. Agr. Esp. en Fitotecnia) -- UACH. Departamento de Fitotecnia aE5995AHEb05c20160315lUCH01h1324 aE5995AHEb05c20160315lUCH01h1324 aE5995AHEb05c20160315lUCH01h1341 aE5995AHEb05c20160316lUCH01h084614aAntioxidantes9607014aFenoles.94004114aPhysalis.98789014aRecursos genéticos vegetales.99508614aTomatexVariedades.9113777 aFinding aiduhttp://10.13.5.2/tesis/sist112421.pdfzTeclea aquí aBK cTESIS n0 c108882d108882 00102local4053708TESISaBCbBCcPA_TESISd2016-03-15fTESISl0oTesisp33724002520884r2019-12-31 00:00:00tc.2w2019-12-31yTESIS 00104054718TESISaBCbBCd2016-03-15fTESISl0oTesisp33724002520926r2019-12-31 00:00:00w2019-12-31yTESISzRecien adquirido